| 000 | 01475cim a22003614a 4500 | ||
|---|---|---|---|
| 001 | 13598 | ||
| 003 | BD-RjUL | ||
| 005 | 20211208235459.0 | ||
| 008 | 140201s2003 nyunnn f| eng | ||
| 020 | _a0743530233 | ||
| 035 | _a(BD-RjUL)13650 | ||
| 040 |
_aDLC _cDLC _dDLC _beng |
||
| 041 | _aeng | ||
| 082 |
_222 _a 813.6 2 _bHOK 2003 |
||
| 100 | 1 |
_aHosseini, Khaled. _942542 |
|
| 245 | 1 | 4 |
_aThe kite runner / _cKhaled Hosseini. |
| 260 |
_aNew York : _bSimon & Schuster Audio, _cp2003. |
||
| 300 |
_a371 p. ; _c18 cm. |
||
| 500 | _aUnabridged. | ||
| 500 | _aIn container (18 cm.). | ||
| 520 | _aStory of the friendship between two boys growing up in Kabul during the final days of the monarchy. When Amir is forced to flee with his prominent and wealthy father for a new life in California, he leaves behind Hassan, the son of his father's servant. Amir cannot, however, leave the memory of Hassan behind him. | ||
| 650 | 0 |
_aBetrayal _vFiction. _942543 |
|
| 650 | 0 |
_aBoys _vFiction. _942544 |
|
| 650 | 0 |
_aMale friendship _vFiction. _942545 |
|
| 650 | 0 |
_aSocial classes _vFiction. _942546 |
|
| 651 | 0 |
_aKabul (Afghanistan) _vFiction. _942547 |
|
| 651 | 0 |
_aAfghanistan _vFiction. _942548 |
|
| 856 | 4 | 2 |
_3Contributor biographical information _uhttp://www.loc.gov/catdir/bios/simon053/2004567972.html |
| 856 | 4 | 2 |
_3Publisher description _uhttp://www.loc.gov/catdir/description/simon052/2004567972.html |
| 942 |
_2ddc _cBK |
||
| 999 |
_c13598 _d13598 |
||